Transfer pricing documentation and country-by-country reporting

Gespeichert in:
Bibliographische Detailangaben
Format: Buch
Sprache:Englisch
Veröffentlicht: Paris OECD 2015
Schriftenreihe:OECD/G20 base erosion and profit shifting project
Schlagworte:
Tags: Tag hinzufügen
Keine Tags, Fügen Sie das erste Tag hinzu!

MARC

LEADER 00000nam a2200000 4500
001 0213670
005 20240314123554.5
020 |a 978-92-64-24146-6 
041 0 |a eng 
044 |a FR 
245 1 0 |a Transfer pricing documentation and country-by-country reporting 
264 1 |a Paris  |b OECD  |c 2015 
300 |a 70 s. 
490 1 |a OECD/G20 base erosion and profit shifting project 
830 0 |a OECD/G20 base erosion and profit shifting project 
610 2 0 |a oceňovanie transferové 
610 2 0 |a výkazy finančné 
610 2 0 |a príjmy 
610 2 0 |a dane 
610 2 0 |a opatrenia 
610 2 0 |a aktivita hospodárska 
610 2 0 |a dokumentácia cenová 
610 2 0 |a audit 
610 2 0 |a dohody 
610 2 0 |a pokuty 
610 2 0 |a právo